LEADER 01223nam a2200289 i 4500 001 000000249412 003 CaOOAMICUS 005 20160517000000.0 008 160517s2003 it u000 u ita u 013 $a228317 020 $a88-307-1270-1 040 $aSeMil$bita 100 1 $aLozano, Juan Manuel .$0(OLS)http://semarc/name/17124 245 10$aVostro per sempre :$bDaniele Comboni /$cJuan Manuel Lozano. 250 $aNuova edizione aggiornata. 2 Edizione. 260 $aBologna :$bEditrice Missionaria Italiana,$c2003. 300 $a808 p., [8] c. di tav., ill. ;$c22 cm. 490 0 $aLa missione. Sez. Storica 500 $aDedica autografa. 600 14$aComboni, Daniele .$0(OLS)http://semarc/subject/6942 830 3$aLa missione. Sez. Storica.$0(OLS)http://semarc/title/9252 850 $aSeMil 852 $aSeMil$W1$xVenegono$y1$m3H IV 86/A$j199758$B199758$CSeMilBibl$Z2$F211197 $81 961 $aOmaggio: Di Tolve don Michele 996 $6020$a88-307-1270-1$9(OLS)http://semarc/number/259502 996 $6245$aVostro per sempre :$bDaniele Comboni$9(OLS)http://semarc/title/173410 996 $6260$aBologna :$bEditrice Missionaria Italiana$9(OLS)http://semarc/publisher/32722 LEADER 00955nam a2200229 i 4500 001 000000255300 003 CaOOAMICUS 005 20170803000000.0 008 170803s1876 it u000 u ita u 013 $a234205 040 $aSeMil$bita 100 1 $aSiciliani, Pietro <1835-1885>.$0(OLS)http://semarc/name/40485 245 10$aSul rinnovamento della filosofia positiva in Italia /$cper Pietro Siciliani. 260 $aNapoli :$bAntonio Morano,$c1876. 300 $aXXXI, 555 p. ;$c20 cm. 650 4$aZoologia.$0(OLS)http://semarc/subject/3894 650 4$aFisiologia.$0(OLS)http://semarc/subject/3895 650 4$aBiotassi.$0(OLS)http://semarc/subject/46922 850 $aSeMil 852 $aSeMil$W1$xVenegono$y1$m3W II 35 FA$j205646$B205646$CSeMilBibl$Z2$F218973 $8I 996 $6245$aSul rinnovamento della filosofia positiva in Italia$9(OLS)http://semarc/title/297344 996 $6260$aNapoli :$bAntonio Morano$9(OLS)http://semarc/publisher/36590